Szczegóły MARC21

Kołobrzeg i okolice poprzez wieki : studia i szkice /

003 -Nazwa inst., której nr kontr. jest w polu 001 [,]
    • @
    • Nazwa instytucji, której n kontrolny jest w polu 001
    • NUKAT
005 -DATA I CZAS OSTATNIEJ MODYFIKACJI [,]
    • @
    • pole kontrolne
    • 20241231105227.0
020 -Międzynarod. znormalizowany nr książki - ISBN [ , ]
    • a
    • Numer ISBN
    • 9788361233961 Find
040 -Instytucja sporządzająca opis [ , ]
    • a
    • Instytucja, która sporządziła opis (NP)
    • OLSZT 003/BT
    • c
    • Instytucja, która sporządziła rekord (NP)
    • OLSZT 003/BT
    • d
    • Instytucja, która zmodyfikowała rekord (P)
    • WR U/bks
942 -Rodzaj dokumentu [ , ]
    • c
    • Rodzaj dokumentu
    • Książka
245 -Strefa tytułu i oznaczenia odpowiedzialności [0,0]
    • a
    • Tytuł
    • Kołobrzeg i okolice poprzez wieki : Find
    • b
    • Ciąg dalszy tytułu (NP)
    • studia i szkice / Find
    • c
    • Pozostałe elementy strefy tytułu i oznaczenia odpowiedzialności (NP)
    • pod red. Radosława Ptaszyńskiego ; Instytut Historii i Stosunków Międzynarodowych Uniwersytetu Szczecińskiego, Muzeum Oręża Polskiego w Kołobrzegu, Polskie Towarzystwo Historyczne. Oddział w Szczecinie.
260 -Strefa adresu wydawniczego [ , ]
    • a
    • Miejsce wydania (P)
    • Szczecin :
    • b
    • Nazwa wydawcy (P)
    • Wydawnictwo Kadruk,
    • c
    • Data wydania (P)
    • 2010.
300 -Strefa opisu fizycznego [ , ]
    • a
    • Określenie formy książki i/lub objętość (NP)
    • 424 s. :
    • b
    • Oznaczenie ilustracji (NP)
    • il. ;
    • c
    • Format (NP)
    • 24 cm.
336 -Typ zawartości [ , ]
    • a
    • Termin opisujący typ zawartości
    • Tekst
    • b
    • Kod określający zawartość
    • txt
    • 2
    • Źródło (terminu i kodu)
    • rdacontent
337 -Typ mediów [ , ]
    • a
    • Tryb odtwarzania
    • Bez urządzenia pośredniczącego
    • b
    • Kod typu mediów
    • n
    • 2
    • Źródło (terminu i kodu)
    • rdamedia
338 -Typ/rodzaj nośnika [ , ]
    • a
    • Hasło opisujące typ nośnika
    • Wolumin
    • b
    • Kod typu nośnika
    • nc
    • 2
    • Źródło (terminu i kodu)
    • rdacarrier
504 -Uwaga dot. bibliogr. załącznikowej [ , ]
    • a
    • Uwaga dot. bibliografii załącznikowej
    • Indeks.
080 -Uniwersalna Klasyfikacja Dziesiętna [ , ]
    • 2
    • Identyfikator wydania tablic
    • UDC-P058
    • 9
    • UKD
    • 7007
    • a
    • Symbol klasyfikacji
    • 94(438)A/Z
    • b
    • Dopowiedzenie
    • Historia Polski. Historia regionów i miejscowości.
651 -Hasło przedmiotowe w formie nazwy geograficznej [ ,7]
    • a
    • Nazwa geograficzna
    • Kołobrzeg (Polska)
    • x
    • Określnik rzeczowy
    • historia.
    • 2
    • Źródło terminu
    • kaba
    • 9
    • KHW
    • 367236
651 -Hasło przedmiotowe w formie nazwy geograficznej [ ,7]
    • a
    • Nazwa geograficzna
    • Kołobrzeg (Polska ; region)
    • x
    • Określnik rzeczowy
    • historia.
    • 2
    • Źródło terminu
    • kaba
    • 9
    • KHW
    • 367238
651 -Hasło przedmiotowe w formie nazwy geograficznej [ ,7]
    • a
    • Nazwa geograficzna
    • Kołobrzeg (Polska)
    • x
    • Określnik rzeczowy
    • sytuacja gospodarcza
    • x
    • Określnik rzeczowy
    • historia.
    • 2
    • Źródło terminu
    • kaba
    • 9
    • KHW
    • 367239
651 -Hasło przedmiotowe w formie nazwy geograficznej [ ,7]
    • a
    • Nazwa geograficzna
    • Kołobrzeg (Polska)
    • x
    • Określnik rzeczowy
    • historia wojskowa.
    • 2
    • Źródło terminu
    • kaba
    • 9
    • KHW
    • 367237
980 -Symbol UKD [ , ]
    • a
    • UKD
    • 94(438) Kołobrzeg
700 -Hasło dodatkowe - nazwa osobowa [1, ]
    • a
    • Nazwa osobowa (NP)
    • Ptaszyński, Radosław. Find
    • e
    • Określenie rodzaju współpracy
    • Red.
    • 9
    • KHW
    • 21843
920 -ISBN [ , ]
    • a
    • ISBN
    • 978-83-61233-96-1 Find
Status udost. Numer inwentarzowy Data inwentaryzacji Lokalizacja
1Z.1148472010-12-13BG
-3WM.118942010-12-13BG
1H.201002010-12-13BNS